| 000 | 00772cam a22002773a 4500 | ||
|---|---|---|---|
| 001 | 28271 | ||
| 003 | PGUSA | ||
| 005 | 20140828083618.0 | ||
| 008 | 090307s2009||||xxu|||||s|||||000 1 eng d | ||
| 040 |
_aPGUSA _beng |
||
| 042 | _adc | ||
| 050 | 4 | _aPS | |
| 100 | 1 |
_aSawyer, Ruth, _d1880-1970 |
|
| 245 | 1 | 0 |
_aSeven Miles to Arden _h[electronic resource] / _cRuth Sawyer |
| 260 |
_bProject Gutenberg, _c2009 |
||
| 506 | _aPublic domain in the USA. | ||
| 516 | _aElectronic text | ||
| 653 | _aMystery fiction | ||
| 653 | _aIrish -- United States -- Fiction | ||
| 653 | _aLove stories | ||
| 653 | _aYoung women -- Fiction | ||
| 653 | _aActresses -- Fiction | ||
| 830 | 0 |
_aProject Gutenberg _v28271 |
|
| 856 | 4 | 0 | _uhttp://www.gutenberg.org/ebooks/28271 |
| 942 | _cEB | ||
| 999 |
_c257526 _d257526 |
||